Carregando...
Potato processing
| Autor principal: | |
|---|---|
| Outros Autores: | |
| Formato: | Printed Book |
| Idioma: | Undetermined English |
| Publicado em: |
Connecticut
Avi Publishing company Inc
1975
|
| Edição: | 3 |
| Assuntos: |
| LEADER | 00940nam a2200229Ia 4500 | ||
|---|---|---|---|
| 008 | 140306s9999 xx 000 0 und d | ||
| 041 | |a eng | ||
| 082 | |a 631.56 |b TAL/PO | ||
| 100 | |a Smith, O | ||
| 700 | |a Talburt, W F | ||
| 245 | |a Potato processing | ||
| 250 | |a 3 | ||
| 260 | |a Connecticut |b Avi Publishing company Inc |c 1975 | ||
| 300 | |a 705 | ||
| 365 | |b USD.55 | ||
| 650 | |a Harvesting | ||
| 650 | |a Post harvest technology | ||
| 942 | |2 ddc |c BK | ||
| 999 | |c 105640 |d 105640 | ||
| 952 | |0 0 |1 0 |2 ddc |4 0 |6 631_560000000000000_TALPO |7 0 |9 102460 |a KAUHCV |b KAUHCV |d 2004-03-16 |g 55.00 |o 631.56 TAL/PO |p KAU_HCV-3442 |r 2014-03-22 |w 2014-03-22 |y BK | ||
| 952 | |0 0 |1 0 |2 ddc |4 0 |6 631_560000000000000_TALPO |7 0 |9 102461 |a KAUHCV |b KAUHCV |d 2004-03-16 |g 55.00 |o 631.56 TAL/PO |p KAU_HCV-9504 |r 2014-03-22 |w 2014-03-22 |y BK | ||
| 952 | |0 0 |1 0 |2 ddc |4 0 |6 631_560000000000000_TALPO |7 0 |9 102462 |a KAUHCV |b KAUHCV |d 2004-03-16 |g 55.00 |o 631.56 TAL/PO |p KAU_HCV-9580 |r 2014-03-22 |w 2014-03-22 |y BK | ||